000 01698nam a2200481 c 4500
001 53846
003 ES-MaCES
005 20251222120150.0
007 cr |||||||||||
008 250804s2024 sp 000 ||spa d
017 _aM 25886-202
020 _a9788411626354 (electrónico)
040 _aES-MaCES
_bspa
_cES-MaCES
100 1 _935216
_aPérez González, María del Carmen
245 0 4 _aLos sistemas fiscales ante la irrupción de la Inteligencia Artificial
_hRecurso electrónico
_cF. Alfredo García Prats, Carlos Pedrosa López, dirs.
250 _a1ª ed
260 _aLas Rozas (Madrid)
_bAranzadi
_c2024
300 _a1 documento electrónico
490 1 _aEstudios
500 _aPublicación en formato electrónico mediante la aplicación LEGALTECA
504 _aBibliografía
541 _cSuscripción conjunta
650 0 4 _ainteligencia artificial
_930166
650 0 4 _anuevas tecnologías
_930788
650 0 4 _atecnología de la información
_930104
650 0 4 _acambio tecnológico
_928236
650 0 4 _aevaluación del impacto
_930732
650 0 4 _aadministración fiscal
_927209
650 0 4 _aadministración pública
_927214
650 0 4 _afraude fiscal
_931745
650 0 4 _amecanismo de control
_929918
650 0 4 _aderecho fiscal
_927162
650 0 4 _aEspaña
_926964
650 0 4 _aAmérica Latina
_926882
650 0 4 _aestudio de casos
_928846
653 1 0 _aFiscalidad
700 1 _913036
_aGarcia Prats, Francisco Alfredo
_edir.
700 1 _941465
_aPedrosa López, Carlos
_edir.
830 0 _aEstudios (Thomson Reuters-Aranzadi)
_934937
856 4 _yLegalteca
_x2025
902 _aELE PUB. ELECTRONICA
942 _2CES
_cBK
_h0.1.
999 _c53846
_d53846